| 000 | nam a22 7a 4500 | ||
|---|---|---|---|
| 999 |
_c332207 _d332207 |
||
| 003 | NUST | ||
| 005 | 20171120104558.0 | ||
| 008 | 171120b xxu||||| |||| 00| 0 eng d | ||
| 020 | _a0854044949 | ||
| 040 | _c0 | ||
| 082 | _a632.95 TER | ||
| 245 |
_aMetabolic Pathways of Agrochemicals: _bpart 1: Herbicides and plant growth regulators _cEditor- Terry R.Roberts |
||
| 260 |
_aUK _bRoyal Society of Chemistry _c1998 |
||
| 300 | _a849p. | ||
| 500 | _aH.B | ||
| 942 |
_2ddc _cBK _kIESE |
||